000 00446nam a2200157 i 4500
001 88343
003 ES-MaACL
005 20230906175837.0
007 t|
008 050104s1936 ho ||||1| spa d
100 1 _aLainfiesta, Margot.
_969693
245 1 3 _aEl renacimiento de una nación /
_cMargot Lainfiesta.
260 _aTegucigalpa :
_b[s.n.,
_c1936] (
_fTalleres Tipográficos Nacionales)
300 _a58 p.
852 _aES-MaACL
_j1822-F-4
999 _c88343
_d88343